[Event "AUT-chT 1617"]
[Site "Austria"]
[Date "2017.03.24"]
[Round "6.3"]
[White "Dornauer, Joachim"]
[Black "Baenziger, Fabian"]
[Result "0-1"]
[WhiteElo "2154"]
[BlackElo "2327"]
[PlyCount "84"]
[EventDate "2016.10.20"]
[EventType "team-tourn"]
[EventRounds "11"]
[EventCountry "AUT"]
[SourceTitle "CBM 177 Extra"]
[Source "ChessBase"]
[SourceDate "2017.04.27"]
[SourceVersion "1"]
[SourceVersionDate "2017.04.27"]
[SourceQuality "1"]
[WhiteTeam "St Valentin"]
[BlackTeam "Hohenems"]
[WhiteTeamCountry "AUT"]
[BlackTeamCountry "AUT"]

1. d4 Nf6 2. c4 d6 3. Nf3 g6 4. Nc3 Bg7 5. e4 0-0 6. Be2 e5 7. 0-0 Nbd7 8. d5 a5 9. Qc2 Ne8 10. Bg5 f6 11. Bh4 Nc5 12. Nd2 Bh6 13. Rab1 Ng7 14. b3 Qe8 15. a3 Bd7 16. b4 axb4 17. axb4 Na4 18. Nb5 Bxb5 19. cxb5 f5 20. f3 Nh5 21. Bf2 Nf4 22. Bc4 Qe7 23. Nb3 Qg5 24. Bg3 Nh5 25. Bf2 Nf6 26. Bd3 Nh5 27. Ra1 Nf4 28. Bg3 Nxd3 29. Qxd3 fxe4 30. Qxe4 Qe3+ 31. Qxe3 Bxe3+ 32. Bf2 Bxf2+ 33. Rxf2 Nc3 34. Rc1 Nxb5 35. Na5 Ra7 36. Re2 Rf4 37. Re4 Rxe4 38. fxe4 Kf8 39. Kf2 Ke8 40. Rc2 b6 41. Nc6 Ra3 42. h4 Nc3 0-1

[Event "Nittenau-ch op 15th"]
[Site "Nittenau"]
[Date "2015.09.20"]
[Round "5"]
[White "Dornauer, Joachim"]
[Black "Huber, Guenter"]
[Result "1-0"]
[WhiteElo "2168"]
[BlackElo "2036"]
[PlyCount "39"]
[EventDate "2015.09.18"]
[EventType "swiss"]
[EventRounds "5"]
[EventCountry "GER"]
[SourceTitle "EXT 2017"]
[Source "ChessBase"]
[SourceDate "2016.10.25"]
[SourceVersion "1"]
[SourceVersionDate "2016.10.25"]
[SourceQuality "1"]

1. d4 e6 2. Nf3 b6 3. e4 Bb7 4. Bd3 f5 5. exf5 exf5 6. Bxf5 Nf6 7. 0-0 Be7 8. Bg5 0-0 9. Nbd2 Na6 10. c3 Bxf3 11. Nxf3 c5 12. Bxf6 Bxf6 13. Qd3 Nc7 14. Bxh7+ Kh8 15. Ne5 Bxe5 16. dxe5 Ne6 17. Be4 Rc8 18. Qh3+ Kg8 19. Qh7+ Kf7 20. Bg6+ 1-0

[Event "Niederoesterreich Landesliga 0304"]
[Site "Austria"]
[Date "2003.12.14"]
[Round "6"]
[White "Dornauer, Joachim"]
[Black "Wetscherek, Gerhard"]
[Result "1/2-1/2"]
[WhiteElo "2157"]
[BlackElo "2150"]
[PlyCount "74"]
[EventDate "2003.09.21"]
[EventType "team-tourn"]
[EventRounds "11"]
[EventCountry "AUT"]
[SourceTitle "EXT 2022"]
[Source "ChessBase"]
[SourceDate "2021.10.06"]
[SourceVersion "1"]
[SourceVersionDate "2021.10.06"]
[SourceQuality "1"]

1. d4 e6 2. c4 Nf6 3. Nf3 b6 4. a3 Bb7 5. Nc3 Be7 6. d5 d6 7. e4 0-0 8. Nd4 exd5 9. cxd5 c6 10. Nf5 cxd5 11. exd5 Re8 12. Bb5 Nbd7 13. 0-0 a6 14. Ba4 b5 15. Bc2 Bf8 16. Bg5 Qa5 17. Qd4 Rac8 18. Bd3 Rxc3 19. bxc3 Re5 20. a4 Rxd5 21. Qe3 bxa4 22. Bxf6 Nxf6 23. Ne7+ Bxe7 24. Qxe7 Rxd3 25. Qxb7 g6 26. Qb4 Qe5 27. Rxa4 Nd5 28. Qb8+ Kg7 29. Rxa6 Nxc3 30. Ra8 Ne2+ 31. Kh1 Qd5 32. Qf8+ Kf6 33. Re8 Nf4 34. f3 Rd2 35. Qe7+ Kg7 36. Qf8+ Kf6 37. Qe7+ Kg7 1/2-1/2

[Event "AUT-chT2M 9900"]
[Site "Austria"]
[Date "2000.01.15"]
[Round "6.5"]
[White "Lickleder, Andreas"]
[Black "Dornauer, Joachim"]
[Result "1-0"]
[WhiteElo "2216"]
[BlackElo "2172"]
[PlyCount "35"]
[EventDate "1999.??.??"]
[EventType "team"]
[EventRounds "11"]
[EventCountry "AUT"]
[SourceTitle "EXT 2004"]
[Source "ChessBase"]
[SourceDate "2003.11.25"]
[SourceVersion "1"]
[SourceVersionDate "2003.11.25"]
[SourceQuality "1"]

1. e4 c5 2. Nf3 d6 3. d4 cxd4 4. Nxd4 Nf6 5. Nc3 a6 6. Bc4 e6 7. 0-0 Nbd7 8. Re1 b5 9. Bd5 Nxd5 10. exd5 e5 11. f4 g6 12. Nc6 Qc7 13. a4 bxa4 14. Rxa4 Bg7 15. Rc4 Qb7 16. Ne4 0-0 17. Nxd6 Qb6+ 18. Be3 1-0

[Event "AUT-chT2M 9899"]
[Site "Austria"]
[Date "1999.03.13"]
[Round "10"]
[White "Dornauer, Joachim"]
[Black "Brestan, Peter"]
[Result "1-0"]
[WhiteElo "2160"]
[BlackElo "2021"]
[PlyCount "81"]
[EventDate "1998.11.??"]
[EventType "team-swiss"]
[EventRounds "11"]
[EventCountry "AUT"]
[SourceTitle "EXT 2000"]
[Source "ChessBase"]
[SourceDate "1999.11.16"]
[SourceVersion "1"]
[SourceVersionDate "1999.11.16"]
[SourceQuality "1"]

1. d4 Nf6 2. c4 g6 3. Nc3 Bg7 4. e4 0-0 5. Nf3 d6 6. Be2 e5 7. 0-0 Nc6 8. d5 Ne7 9. Nd2 c5 10. a3 a5 11. Rb1 Ne8 12. b4 axb4 13. axb4 b6 14. bxc5 bxc5 15. Nb3 f5 16. f3 Nf6 17. Be3 f4 18. Bf2 g5 19. Nxc5 dxc5 20. Bxc5 Nd7 21. Bf2 Qa5 22. Nb5 Kh8 23. c5 Bf6 24. d6 Nc6 25. Qd5 Nb4 26. Rxb4 Qxb4 27. Qxa8 Nxc5 28. Qc6 Nd7 29. Na7 Nb8 30. Qc2 Be6 31. Bc5 Qa5 32. Nb5 Nc6 33. Nc7 Bd7 34. Rc1 Nd4 35. Qb2 g4 36. fxg4 f3 37. gxf3 Bg5 38. Bxd4 Bxc1 39. Bxe5+ Kg8 40. Bc4+ Rf7 41. Qb8+ 1-0

[Event "AUT-chT2M 9899"]
[Site "Austria"]
[Date "1999.01.24"]
[Round "7"]
[White "Dornauer, Joachim"]
[Black "Spiesberger, Gerhard"]
[Result "1/2-1/2"]
[WhiteElo "2160"]
[BlackElo "1956"]
[PlyCount "102"]
[EventDate "1998.11.??"]
[EventType "team-swiss"]
[EventRounds "11"]
[EventCountry "AUT"]
[SourceTitle "EXT 2000"]
[Source "ChessBase"]
[SourceDate "1999.11.16"]
[SourceVersion "1"]
[SourceVersionDate "1999.11.16"]
[SourceQuality "1"]

1. d4 e6 2. c4 f5 3. Nf3 Nf6 4. g3 Be7 5. Nc3 0-0 6. Bg2 Qe8 7. 0-0 d6 8. Qc2 Nc6 9. e4 fxe4 10. Nxe4 e5 11. dxe5 Nxe5 12. Nxe5 dxe5 13. Nxf6+ Bxf6 14. Be3 Qh5 15. Rfe1 c6 16. Qb3 Qf7 17. Qc2 Be6 18. b3 a5 19. Bc5 Rfd8 20. a4 Qc7 21. Rad1 Rxd1 22. Rxd1 Rd8 23. Be4 g6 24. Rxd8+ Qxd8 25. Qd3 Kf7 26. Qd6 Bh3 27. f3 Be7 28. Qxd8 Bxd8 29. Kf2 Bf5 30. Ke3 Bc7 31. g4 Bxe4 32. Kxe4 Ke6 33. Be3 b6 34. Bf2 c5 35. Be1 Bb8 36. Bh4 Bc7 37. Bg5 Kd6 38. Bf6 Ke6 39. Bg7 Bd6 40. h3 Bc7 41. Bh6 Bd6 42. Bg5 Bc7 43. Bh4 h6 44. Bg3 Bd6 45. Be1 Be7 46. Bc3 Bd6 47. Bb2 g5 48. Bc3 Bc7 49. Be1 Bd8 50. Bf2 Be7 51. Bg3 Bf6 1/2-1/2

[Event "AUT-chT2O 9798"]
[Site "Austria"]
[Date "1998.??.??"]
[Round "13"]
[White "Reschun, Sascha"]
[Black "Dornauer, Joachim"]
[Result "1-0"]
[WhiteElo "2255"]
[BlackElo "2195"]
[PlyCount "71"]
[EventDate "1997.??.??"]
[EventType "team"]
[EventRounds "13"]
[EventCountry "AUT"]
[SourceTitle "EXT 1999"]
[Source "ChessBase"]
[SourceDate "1998.11.16"]
[SourceVersion "1"]
[SourceVersionDate "1998.11.16"]
[SourceQuality "1"]

1. e4 c5 2. Nf3 d6 3. d4 cxd4 4. Nxd4 Nf6 5. Nc3 a6 6. f4 e5 7. Nf3 Qc7 8. a4 Be7 9. Bd3 0-0 10. 0-0 exf4 11. Kh1 Nc6 12. Bxf4 Ne5 13. Bg5 Be6 14. Nd4 Nfg4 15. Bxe7 Qxe7 16. Qe1 Qg5 17. Qg3 Nxd3 18. cxd3 Qe5 19. Nde2 Qxg3 20. Nxg3 Ne3 21. Rf3 Nc2 22. Raf1 Nd4 23. Rf4 Rac8 24. Nf5 Nxf5 25. exf5 Bd7 26. Rd4 Rc5 27. f6 d5 28. Nxd5 Be6 29. fxg7 Kxg7 30. Nf4 Re8 31. h3 Bf5 32. Kh2 b5 33. b4 Rce5 34. a5 Rc8 35. Rd6 Rc3 36. d4 1-0

[Event "AUT-chT2O 9798"]
[Site "Austria"]
[Date "1997.02.15"]
[Round "10"]
[White "Lenz, Alarich"]
[Black "Dornauer, Joachim"]
[Result "1-0"]
[WhiteElo "2225"]
[BlackElo "2195"]
[PlyCount "117"]
[EventDate "1997.??.??"]
[EventType "team"]
[EventRounds "13"]
[EventCountry "AUT"]
[SourceTitle "EXT 1999"]
[Source "ChessBase"]
[SourceDate "1998.11.16"]
[SourceVersion "1"]
[SourceVersionDate "1998.11.16"]
[SourceQuality "1"]

1. c4 g6 2. Nc3 Bg7 3. g3 c5 4. Bg2 Nc6 5. Nf3 e6 6. d4 cxd4 7. Nb5 d6 8. Nbxd4 Nge7 9. 0-0 0-0 10. e4 d5 11. exd5 exd5 12. cxd5 Nxd4 13. Nxd4 Nxd5 14. Re1 Nb6 15. Nb5 Qxd1 16. Rxd1 Bg4 17. Re1 Rfe8 18. Be3 Rad8 19. Bxb7 Bxb2 20. Rab1 Nc4 21. Bxa7 Rxe1+ 22. Rxe1 Rd2 23. Bc5 Ne5 24. Be3 Rd7 25. Bg2 Nf3+ 26. Bxf3 Bxf3 27. a4 Rd8 28. h3 Bc6 29. Rb1 Be4 30. Re1 Bf5 31. g4 Bc2 32. a5 Ba4 33. Rb1 Be5 34. Bb6 Rd1+ 35. Rxd1 Bxd1 36. Bd4 Be2 37. Bxe5 Bxb5 38. Bf6 Kf8 39. Kg2 Ba6 40. Kg3 Bb7 41. Kf4 Ke8 42. Kg5 Kf8 43. Bc3 f5 44. gxf5 gxf5 45. h4 Be4 46. Kf6 Ke8 47. f4 Bd3 48. h5 Bc2 49. h6 Bd3 50. Ke6 Kd8 51. Bf6+ Kc8 52. Be7 Kc7 53. Bf6 Kc8 54. Kd6 Be2 55. Be5 Bf3 56. Ke7 Bh5 57. a6 Bf3 58. Kf6 Be4 59. Kg7 1-0

[Event "Eger Agria op"]
[Site "Eger"]
[Date "1997.??.??"]
[Round "4"]
[White "Dornauer, Joachim"]
[Black "Szlabey, Geza"]
[Result "1-0"]
[WhiteElo "2230"]
[BlackElo "2130"]
[PlyCount "93"]
[EventDate "1997.07.??"]
[EventType "swiss"]
[EventRounds "9"]
[EventCountry "HUN"]
[SourceTitle "EXT 2001"]
[Source "ChessBase"]
[SourceDate "2000.11.22"]
[SourceVersion "1"]
[SourceVersionDate "2000.11.22"]
[SourceQuality "1"]

1. d4 d5 2. c4 e6 3. Nf3 f5 4. Bf4 Nf6 5. Nc3 c6 6. e3 Bd6 7. Bxd6 Qxd6 8. Be2 0-0 9. 0-0 Nbd7 10. a3 h6 11. Qc2 g6 12. b4 Ne4 13. Rfc1 Nxc3 14. Qxc3 Nf6 15. Ne5 Kg7 16. cxd5 Nxd5 17. Qb3 Bd7 18. Bf3 Ne7 19. Rab1 g5 20. g3 Ng6 21. Nc4 Qe7 22. Qc3 Rac8 23. Na5 Be8 24. d5+ e5 25. dxc6 bxc6 26. Nxc6 Qf6 27. b5 e4 28. Be2 Bxc6 29. bxc6 Ne5 30. Bb5 Rf7 31. Rb2 a6 32. Ba4 f4 33. Rbc2 Rfc7 34. exf4 gxf4 35. Qb4 Qf5 36. Qd4 Kh7 37. Qd1 Nf3+ 38. Kf1 Nxh2+ 39. Kg2 fxg3 40. fxg3 Ng4 41. Qe2 Re8 42. Rc5 Re5 43. Rxe5 Qxe5 44. Qxg4 Rg7 45. Qxg7+ Kxg7 46. c7 e3 47. c8Q 1-0

[Event "AUT-chT2O 9697"]
[Site "Austria"]
[Date "1997.??.??"]
[Round "8"]
[White "Dornauer, Joachim"]
[Black "Vokroj, Rene"]
[Result "0-1"]
[WhiteElo "2230"]
[BlackElo "2235"]
[PlyCount "76"]
[EventDate "1996.??.??"]
[EventType "team"]
[EventRounds "11"]
[EventCountry "AUT"]
[SourceTitle "EXT 1998"]
[Source "ChessBase"]
[SourceDate "1997.11.17"]
[SourceVersion "1"]
[SourceVersionDate "1997.11.17"]
[SourceQuality "1"]

1. d4 Nf6 2. c4 e6 3. Nf3 Bb4+ 4. Nbd2 a5 5. e3 b6 6. Bd3 d6 7. 0-0 Nbd7 8. b3 Bb7 9. Bb2 0-0 10. a3 Bxd2 11. Nxd2 e5 12. Qc2 Qe7 13. b4 Rfe8 14. Rac1 axb4 15. axb4 e4 16. Be2 c5 17. bxc5 bxc5 18. d5 Nf8 19. Ra1 N8d7 20. Rfb1 Rxa1 21. Bxa1 Bc8 22. Bc3 Kf8 23. Ra1 Ne5 24. Qb2 Bf5 25. h3 Nfd7 26. Ra7 Qg5 27. Kf1 Qh4 28. Qa1 g5 29. Ke1 g4 30. hxg4 Bxg4 31. Bf1 Nd3+ 32. Bxd3 exd3 33. Nf3 Rxe3+ 34. Kf1 Qh1+ 35. Ng1 Be2+ 36. Ke1 Qxg1+ 37. Kd2 Qxa1 38. Bxa1 Re7 0-1

[Event "Fuzesabony op"]
[Site "Fuzesabony"]
[Date "1996.??.??"]
[Round "2"]
[White "Dornauer, Joachim"]
[Black "Eberth, Zoltan"]
[Result "0-1"]
[WhiteElo "2120"]
[BlackElo "2215"]
[PlyCount "86"]
[EventDate "1996.??.??"]
[EventType "swiss"]
[EventRounds "9"]
[EventCountry "HUN"]
[SourceTitle "EXT 2004"]
[Source "ChessBase"]
[SourceDate "2003.11.25"]
[SourceVersion "1"]
[SourceVersionDate "2003.11.25"]
[SourceQuality "1"]

1. d4 Nf6 2. c4 a6 3. Nc3 c5 4. d5 b5 5. Qc2 Bb7 6. cxb5 Nxd5 7. Nxd5 Bxd5 8. e4 Bb7 9. bxa6 Nxa6 10. Bc4 Nb4 11. Qe2 e6 12. Nf3 Be7 13. 0-0 0-0 14. e5 Ra7 15. a3 Qa8 16. Rd1 Be4 17. Bf4 Nc2 18. Rac1 Bxf3 19. Qxf3 Qxf3 20. gxf3 Nd4 21. Kg2 f6 22. exf6 Rxf6 23. Be5 Rg6+ 24. Bg3 h5 25. Bd3 Nf5 26. Kf1 h4 27. Bf4 h3 28. Bxf5 exf5 29. Rd5 Rb7 30. Rc2 Rgb6 31. Be5 Kf7 32. Bc3 g6 33. Rcd2 d6 34. f4 Ra7 35. R5d3 Ra4 36. Rxh3 Rxf4 37. Rh7+ Ke6 38. Rg7 g5 39. Rg6+ Kf7 40. Rg7+ Kf8 41. Rh7 Re4 42. Rd5 f4 43. Rf5+ Ke8 0-1

[Event "Fuzesabony op"]
[Site "Fuzesabony"]
[Date "1996.??.??"]
[Round "9"]
[White "Dornauer, Joachim"]
[Black "Menyhart, Tibor"]
[Result "0-1"]
[WhiteElo "2120"]
[BlackElo "2210"]
[PlyCount "72"]
[EventDate "1996.??.??"]
[EventType "swiss"]
[EventRounds "9"]
[EventCountry "HUN"]
[SourceTitle "EXT 2004"]
[Source "ChessBase"]
[SourceDate "2003.11.25"]
[SourceVersion "1"]
[SourceVersionDate "2003.11.25"]
[SourceQuality "1"]

1. d4 Nf6 2. c4 g6 3. Nc3 d5 4. Bf4 Bg7 5. Rc1 0-0 6. Nf3 c5 7. dxc5 dxc4 8. Qxd8 Rxd8 9. e3 Nbd7 10. c6 bxc6 11. Bxc4 Nb6 12. Bb3 Ba6 13. Ne5 Nfd5 14. Nxc6 Nxf4 15. exf4 Rd6 16. Ne4 Rxc6 17. Rxc6 Bb7 18. Rxb6 axb6 19. f3 Bxb2 20. 0-0 Bd4+ 21. Kh1 Be3 22. Ng5 e6 23. Rd1 Bd5 24. Rxd5 exd5 25. Bxd5 Ra7 26. g3 Rd7 27. Bb3 Kg7 28. Ne4 f5 29. Nc3 Rd2 30. Nd5 Bc5 31. Bc4 Rf2 32. Bb3 Rxf3 33. Kg2 Rf2+ 34. Kh1 Rd2 35. Bc4 Bd4 36. Bb3 Kf8 0-1